000 00521nam a2200229Ia 4500
003 OSt
005 20220924142646.0
006 a|||||r|||| 00| 0
007 ta
008 ASM
024 _a302853
037 _cTextual
040 _aARTS
_cARTS
_bASM
041 _2ASM
_aASM
082 _aO4,3x, 158M4
100 _aSumna
_9213844
245 0 _aAkanamani dhau
260 _c1984
650 _aASSAMESE LITERATURE
_911738
942 _hO4,3x, 158M4
_cTEXL
_2CC
999 _c451518
_d451518